Piłka nożna - quiz dla prawdziwych kibiców 3 - Statystyki

Ogólne statystyki
  • Ten quiz został rozwiązany 276 razy
  • Średni wynik to 10 z 15
Statystyki odpowiedzi
Pytanie Odpowiedź Podpowiedź % Poprawnych
Jak nazywa się pierwszy Polak w Realu Madryt? Jerzy Dudek Grał również w Liverpoolu czy Feyenoordzie.
90%
Gdzie odbędzie się Euro 2028? Wielka Brytania Zachodnia Europa
86%
Jak nazywa się pierwszy Polak który, wygrał Ligę Mistrzów / Puchar UEFA? Zbigniew Boniek Ma pseudonim "Zibi".
85%
Jakiego kraju brakuje w polskiej grupie na Euro 2012? Czechy, Rosja, ????, Polska. Grecja Mecz zakończył się wynikiem 1:1, Strzelił Robert Lewandowski, Stadion Narodowy
83%
Jaki klub oprócz Realu Madryt i Barcelony nigdy nie spadł z LaLiga? (16.03.2024) Athletic Bilbao Gra w derbach kraju basków.
78%
W jakim niemieckim klubie grał Victor Osimhen? VfL Wolfsburg W tym klubie grał Kevin De Bruyne.
77%
Jakiej narodowości jest menadżer Ange Postecoglou? Australijczyk W lidze tego państwa grają kluby: Perth Glory czy Wellington Phoenix.
75%
Jaki obrońca dostał ostatni złotą piłkę? (16.03.2024) Fabio Cannavaro 2006r. Pochodzi z Włoch. Grał dla AC Parma czy Juventusu Turyn.
70%
W jakim kraju znajduje się najwyżej położony stadion na świecie? Boliwia Nazwa stadionu to Estadio Hernando Siles. ok. 3600 m n.p.m. Ameryka Południowa.
67%
Jaki zwierzak jest maskotką Juventusu? Zebra Jest związany z barwami klubu.
63%
Z którego, klubu akademii wywodzi się Kieran Trippier? Manchester City Nie zadebiutował w seniorskiej drużynie. Barwy tego klubu to błękit i biel.
62%
W jakim kraju rozgrywane są Old Firm Derby? Szkocja Są to najstarsze derby na świecie. Europa.
61%
Z jakiego klubu Pedri przechodził do Barcelony? UD Las Palmas Gdy Barcelona go kupiła ten klub był w LaLiga2. Dziś grają w LaLiga. (16.03.2024)
60%
Jak nazywa się najdroższy zawodnik który, opuścił Premier League? (cena transferu) Philippe Coutinho 135,00 mln €, sezon 2017/18
53%
Jak nazywa się grupa posiadająca te kluby? Manchester City, Girona FC, New York City itd. City Football Group Skrót nazwy grupy to: CFG
35%
Nie znaleziono quizów pasujących do podanych kryteriów
Rozkład punktacji
Procent ludzi z każdym wynikiem
Percentyl według liczby udzielonych odpowiedzi
Twoja historia wyników
Nie rozwiązałeś tego quizu